Miss Universe 2014 National Costumes Quiz Stats

Quiz Updated Jan 26, 2015

Challenge
Share
Tweet
Score 0/20 Timer 10:00
0 Plays Today
% Correct
Switzerland
93.6%
Great Britain (United Kingdom)
92%
USA
89.4%
India
85.2%
Greece
83.2%
Canada
81.1%
Korea (South Korea)
77.5%
France
72.6%
Japan
60.9%
Germany
60.1%
% Correct
South Africa
54.5%
Netherlands
54.1%
Thailand
51.6%
China
51.3%
Chile
45.1%
Ghana
29.4%
Russia
29.3%
Costa Rica
26.4%
Myanmar
23.5%
Egypt
10.2%

You're not logged in!

Compare scores with friends on all Sporcle quizzes.
Sign Up with Email
OR
Log In

You Might Also Like...

Show Comments

Extras

Top Quizzes Today


Score Distribution

Your Account Isn't Verified!

In order to create a playlist on Sporcle, you need to verify the email address you used during registration. Go to your Sporcle Settings to finish the process.